कंधे पर सूरज/ (Record no. 199131)

MARC details
000 -LEADER
fixed length control field 00726nam a22001817a 4500
005 - DATE AND TIME OF LATEST TRANSACTION
control field 20231201160450.0
010 ## - LCCN (DPL NO)
LC control number HIN-126303
020 ## - INTERNATIONAL STANDARD BOOK NUMBER
International Standard Book Number 9789387246003
Terms of availability 300.00
035 ## - SYSTEM CONTROL NUMBER
System control number HN-98649
037 ## - SOURCE OF ACQUISITION
Source of stock number/acquisition DBAD/PUB.
082 ## - DEWEY DECIMAL CLASSIFICATION NUMBER
Classification number 821
100 ## - MAIN ENTRY--PERSONAL NAME
Personal name रजनी रंजन रश्मि
245 ## - TITLE STATEMENT
Title कंधे पर सूरज/
Statement of responsibility, etc रजनी रंजन रश्मि
260 ## - PUBLICATION, DISTRIBUTION, ETC. (IMPRINT)
Place of publication, distribution, etc दिल्ली
Name of publisher, distributor, etc सानिध्य बुक्स
Date of publication, distribution, etc 2020
270 ## - ADDRESS
Address X/3282 गली न 4 रघुबरपुरा गांधीनगर
City दिल्ली
Postal code 110031
300 ## - PHYSICAL DESCRIPTION
Extent 135 पृ.;
Dimensions 22सेमी (सजिल्द)
942 ## - ADDED ENTRY ELEMENTS (KOHA)
Institution code [OBSOLETE] dpl
Item type Hindi Books
Source of classification or shelving scheme Dewey Decimal Classification
Classification part 821
Call number suffix रजनी
Holdings
Withdrawn status Lost status Not for loan Collection code Home library Current library Date acquired Source of acquisition Cost, normal purchase price Full call number Barcode Copy number Cost, replacement price Koha item type
      Non-fiction Bawana Bawana 10/11/2023 DBAD/PUB 300.00 821 रजनी HN-98649 1 300.00 Hindi Books

© Delhi Public Library
Hit Counter
free hit counter